[Event "Bled op 22nd"]
[Site "Bled"]
[Date "2001.03.31"]
[Round "8"]
[White "Kosir, Franci"]
[Black "Senoner, Erich"]
[Result "0-1"]
[WhiteElo "2185"]
[BlackElo "2132"]
[PlyCount "122"]
[EventDate "2001.03.24"]
[EventType "swiss"]
[EventRounds "9"]
[EventCountry "SLO"]
[SourceTitle "CBM 081 Extra"]
[Source "ChessBase"]
[SourceDate "2001.05.06"]
[SourceVersion "1"]
[SourceVersionDate "2001.05.06"]
[SourceQuality "1"]

1. d4 Nf6 2. c4 g6 3. Nc3 d5 4. Nf3 Bg7 5. Qb3 dxc4 6. Qxc4 0-0 7. e4 Nfd7 8. Be3 Nc6 9. Rd1 Nb6 10. Qb3 Bg4 11. d5 Ne5 12. Be2 Nxf3+ 13. gxf3 Bh3 14. Rg1 Bd7 15. h4 Qe8 16. Nb5 Bxb5 17. Bxb5 c6 18. dxc6 bxc6 19. Be2 Qb8 20. Rh1 Qe5 21. Bd4 Qa5+ 22. Qc3 Qxc3+ 23. bxc3 Rfd8 24. Ba6 Na4 25. Bb7 Nxc3 26. Bxc3 Bxc3+ 27. Ke2 Rab8 28. Rxd8+ Rxd8 29. Rc1 Ba5 30. Rc2 Rb8 31. Bxc6 Rb1 32. Bd5 Rh1 33. Rb2 Bb6 34. a4 Rxh4 35. Kf1 Rh1+ 36. Kg2 Ra1 37. Bc6 Kg7 38. Rc2 g5 39. Rd2 h5 40. Rc2 e6 41. Bb5 Ra3 42. Rd2 h4 43. Rc2 Kf6 44. Be8 Ke7 45. Bb5 Kf6 46. Be8 Kg6 47. Bb5 Bd4 48. Rd2 Be5 49. Rd3 Ra2 50. Rd1 f5 51. Be8+ Kf6 52. exf5 exf5 53. Bd7 Bg3 54. Rf1 Rd2 55. Bc8 Bc7 56. Rc1 Bb6 57. Rf1 Ke5 58. Re1+ Kf4 59. Rf1 g4 60. fxg4 fxg4 61. Bb7 h3+ 0-1

[Event "Bled op 22nd"]
[Site "Bled"]
[Date "2001.03.26"]
[Round "3"]
[White "Fucak, Emilijo"]
[Black "Senoner, Erich"]
[Result "1-0"]
[WhiteElo "2353"]
[BlackElo "2132"]
[PlyCount "79"]
[EventDate "2001.03.24"]
[EventType "swiss"]
[EventRounds "9"]
[EventCountry "SLO"]
[SourceTitle "CBM 081 Extra"]
[Source "ChessBase"]
[SourceDate "2001.05.06"]
[SourceVersion "1"]
[SourceVersionDate "2001.05.06"]
[SourceQuality "1"]

1. b3 e5 2. Bb2 Nc6 3. c4 d6 4. e3 g6 5. Nc3 Bg7 6. Nf3 Nge7 7. Be2 0-0 8. d3 f5 9. Qc2 Bd7 10. a3 a5 11. Rc1 h6 12. h4 Be6 13. Nb1 d5 14. cxd5 Nxd5 15. Nbd2 Nb6 16. Qc5 Qd6 17. Qc2 Rad8 18. 0-0 Rfe8 19. Rfd1 Qe7 20. Re1 g5 21. hxg5 hxg5 22. d4 e4 23. Nh2 Bf7 24. Nc4 Nd5 25. Qd2 f4 26. Nxa5 Nxa5 27. Qxa5 fxe3 28. fxe3 Nxe3 29. Rxc7 Qd6 30. Rxf7 Qg3 31. Rf2 Rf8 32. Bf3 Rxf3 33. Rxe3 g4 34. Qg5 Qf4 35. Qxf4 Rxf4 36. g3 Bxd4 37. Bxd4 Rxd4 38. Nf1 Kf7 39. Rc2 b5 40. Rf2 1-0

[Event "Passau op 8th"]
[Site "Passau"]
[Date "2000.04.24"]
[Round "7"]
[White "Senoner, Erich"]
[Black "Barth, Norbert"]
[Result "1/2-1/2"]
[WhiteElo "2106"]
[BlackElo "2192"]
[PlyCount "114"]
[EventDate "2000.04.21"]
[EventType "swiss"]
[EventRounds "7"]
[EventCountry "GER"]
[SourceTitle "CBM 076 Extra"]
[Source "ChessBase"]
[SourceDate "2000.07.11"]
[SourceVersion "1"]
[SourceVersionDate "2000.07.11"]
[SourceQuality "1"]

1. d4 d5 2. Bg5 h6 3. Bh4 c6 4. e3 Qb6 5. Qc1 Bf5 6. Nf3 e6 7. Be2 Be7 8. 0-0 Nd7 9. Nbd2 Ngf6 10. c4 0-0 11. Ne5 Qd8 12. Nxd7 Nxd7 13. Bxe7 Qxe7 14. Qc3 Rfe8 15. Rac1 dxc4 16. Nxc4 Nb6 17. a3 Nxc4 18. Qxc4 e5 19. Rfd1 Be6 20. Qc3 exd4 21. Rxd4 Rad8 22. Rcd1 Rxd4 23. Qxd4 c5 24. Qd2 Rc8 25. Qa5 b6 26. Qd2 c4 27. Qc3 Rc5 28. Rd4 b5 29. f4 Rc8 30. Bf3 Qc5 31. Kf2 Qb6 32. g4 f6 33. Qd2 Bf7 34. Rd6 Qc5 35. Be4 Re8 36. Rd8 Qe7 37. Rxe8+ Bxe8 38. Bd5+ Kh7 39. h4 Qd7 40. Be4+ Kg8 41. Qd5+ Kf8 42. g5 Qxd5 43. Bxd5 Ke7 44. gxf6+ gxf6 45. e4 Kd6 46. Ke3 Kc5 47. Bg8 Bc6 48. e5 fxe5 49. fxe5 a5 50. e6 b4 51. e7 Be8 52. axb4+ axb4 53. Kd2 Kd4 54. Be6 c3+ 55. bxc3+ bxc3+ 56. Kc2 Bg6+ 57. Kc1 Be8 1/2-1/2

[Event "Passau op 8th"]
[Site "Passau"]
[Date "2000.04.23"]
[Round "6"]
[White "Senoner, Erich"]
[Black "Denk, Adolf"]
[Result "1-0"]
[WhiteElo "2106"]
[BlackElo "2283"]
[PlyCount "125"]
[EventDate "2000.04.21"]
[EventType "swiss"]
[EventRounds "7"]
[EventCountry "GER"]
[SourceTitle "CBM 076 Extra"]
[Source "ChessBase"]
[SourceDate "2000.07.11"]
[SourceVersion "1"]
[SourceVersionDate "2000.07.11"]
[SourceQuality "1"]

1. d4 Nf6 2. Bg5 c5 3. Bxf6 gxf6 4. d5 Qb6 5. Nd2 Qxb2 6. e4 Bh6 7. Ngf3 d6 8. Be2 f5 9. 0-0 Qf6 10. Rb1 b6 11. Re1 Bxd2 12. Qxd2 Kf8 13. Bd3 c4 14. Bxc4 Nd7 15. exf5 Nc5 16. Nd4 Rg8 17. Qf4 h5 18. h3 Rg5 19. Re3 Bxf5 20. Rbe1 Bd7 21. Qxf6 exf6 22. f4 Rg8 23. Bb5 Rc8 24. Bxd7 Nxd7 25. Nf5 Rh8 26. Re7 Rd8 27. Nd4 Ne5 28. Rxa7 Ng6 29. Nc6 Rc8 30. Re4 h4 31. Kf2 Kg7 32. Kf3 b5 33. Rb4 Rh5 34. Rd4 Rxd5 35. Rxd5 Rxc6 36. g3 Rxc2 37. gxh4 Rc3+ 38. Ke4 Rc4+ 39. Rd4 f5+ 40. Ke3 Rc3+ 41. Kd2 Rxh3 42. Rxd6 Rxh4 43. Rdd7 Rxf4 44. Rxf7+ Kh6 45. Ra6 Rf2+ 46. Ke1 Rf4 47. Rff6 Rg4 48. Rxf5 b4 49. Rb5 Kg7 50. Rb7+ Kh6 51. Kd2 Kg5 52. Ra5+ Kf6 53. Rb6+ Kg7 54. Kc2 Ne7 55. Ra7 Kf7 56. Kb3 Kf8 57. Rf6+ Ke8 58. Re6 Rg7 59. Kxb4 Kd8 60. Kc4 Rg4+ 61. Kd3 Nf5 62. Rf6 Rg3+ 63. Ke4 1-0

[Event "AUT-chT2S 9697"]
[Site "Austria"]
[Date "1996.??.??"]
[Round "5"]
[White "Senoner, Erich"]
[Black "Wilfling, Hermann"]
[Result "1-0"]
[WhiteElo "2035"]
[BlackElo "2095"]
[PlyCount "47"]
[EventDate "1996.??.??"]
[EventType "team"]
[EventRounds "11"]
[EventCountry "AUT"]
[SourceTitle "EXT 1999"]
[Source "ChessBase"]
[SourceDate "1998.11.16"]
[SourceVersion "1"]
[SourceVersionDate "1998.11.16"]
[SourceQuality "1"]

1. d4 g6 2. Bg5 Bg7 3. c3 Nf6 4. Nd2 0-0 5. Ngf3 d6 6. e3 Nbd7 7. Be2 c5 8. 0-0 b6 9. h3 Bb7 10. a4 a6 11. Re1 Qc7 12. Bf1 e5 13. dxe5 dxe5 14. e4 h6 15. Bh4 Rfd8 16. Qb3 g5 17. Bg3 Nh5 18. Bh2 Nf4 19. Nc4 Bc6 20. Rad1 Rab8 21. Bxf4 exf4 22. Nd6 Nf8 23. Nxf7 Qxf7 24. Bc4 1-0

[Event "Casino op 3rd"]
[Site "Velden"]
[Date "1995.??.??"]
[Round "6"]
[White "Senoner, Erich"]
[Black "Dueckstein, Andreas"]
[Result "1/2-1/2"]
[WhiteElo "2037"]
[BlackElo "2345"]
[PlyCount "80"]
[EventDate "1995.06.30"]
[EventType "swiss"]
[EventRounds "9"]
[EventCountry "AUT"]
[SourceTitle "EXT 2022"]
[Source "ChessBase"]
[SourceDate "2021.10.06"]
[SourceVersion "1"]
[SourceVersionDate "2021.10.06"]
[SourceQuality "1"]

1. d4 e6 2. Nf3 f5 3. c4 Nf6 4. Nc3 Be7 5. Bg5 d6 6. e3 b6 7. Bxf6 Bxf6 8. Be2 Bb7 9. 0-0 Nd7 10. Rc1 0-0 11. b4 Qe7 12. Qb3 c5 13. bxc5 dxc5 14. Rfd1 g5 15. Na4 Rac8 16. Ne1 Kh8 17. dxc5 Nxc5 18. Nxc5 Rxc5 19. Nd3 Rc7 20. c5 Bd5 21. Qb5 bxc5 22. Rxc5 Rxc5 23. Nxc5 Rc8 24. Nb3 g4 25. Bd3 Qb7 26. Qxb7 Bxb7 27. Rc1 Rxc1+ 28. Nxc1 Bd5 29. a4 a5 30. Ne2 Bb3 31. Bb5 Kg7 32. Kf1 Be7 33. Nd4 Bd5 34. Nc6 Bb4 35. Nxb4 axb4 36. Ke1 Kf6 37. g3 Ke5 38. Kd2 Kd6 39. Kc2 Kc5 40. Kb2 Kb6 1/2-1/2

[Event "Casino op 3rd"]
[Site "Velden"]
[Date "1995.??.??"]
[Round "2"]
[White "Senoner, Erich"]
[Black "Nirav Y, Rajasuba"]
[Result "0-1"]
[WhiteElo "2037"]
[BlackElo "2307"]
[PlyCount "114"]
[EventDate "1995.06.30"]
[EventType "swiss"]
[EventRounds "9"]
[EventCountry "AUT"]
[SourceTitle "EXT 2022"]
[Source "ChessBase"]
[SourceDate "2021.10.06"]
[SourceVersion "1"]
[SourceVersionDate "2021.10.06"]
[SourceQuality "1"]

1. d4 Nf6 2. Bg5 d5 3. Bxf6 exf6 4. e3 Bf5 5. Nd2 c6 6. Ne2 Qb6 7. b3 Na6 8. Ng3 Bg6 9. c3 Ba3 10. f4 h5 11. f5 h4 12. fxg6 hxg3 13. Qc2 Rxh2 14. Rg1 fxg6 15. Qxg6+ Kf8 16. Qxg3 Rh6 17. e4 Qc7 18. Qe3 dxe4 19. Bxa6 bxa6 20. b4 a5 21. Rb1 Rb8 22. bxa5 Rxb1+ 23. Nxb1 Bd6 24. Qxe4 Rh4 25. Qe6 Bg3+ 26. Kd1 Qxa5 27. Rf1 Qb5 28. Nd2 Qd3 29. Qc4 Qxc4 30. Nxc4 c5 31. Ne3 cxd4 32. Nf5 Rg4 33. cxd4 Bh2 34. Rf2 g6 35. Ne3 Rxd4+ 36. Ke2 Kg7 37. g3 Bg1 38. Rg2 Bxe3 39. Kxe3 Ra4 40. Rd2 Ra3+ 41. Kf4 g5+ 42. Kf5 Ra5+ 43. Ke6 Kg6 44. Rf2 Ra6+ 45. Kd5 Kh5 46. Ke4 Kg4 47. Rg2 Kh3 48. Rc2 Kxg3 49. Kf5 g4 50. Rc3+ Kh4 51. Rc4 Kh3 52. a4 g3 53. Rc7 Rxa4 54. Rh7+ Kg2 55. Kxf6 Kf2 56. Ke5 g2 57. Rf7+ Kg3 0-1